000 00695nam a2200289Ia 4500
005 20260324121735.0
008 008 260324s9999 xx 000 0 eng d
020 _a9781315887531
037 _aEBOOK
040 _aCRL
040 _beng
040 _cCRL
041 _2eng
041 _aeng
084 _qCRL
100 _aJeffrey Flynn
_91163689
245 0 _aReframing the Intercultural Dialogue on Human Rights
245 2 _bA Philosophical Approach
260 _bTaylor and Francis
260 _c2013
365 _a
365 _b255
856 _uhttp://www.taylorfrancis.com/books/9781315887531
942 _cEBOOK
999 _c1755981
_d1755981